| 000 | 00547nam a22001697a 4500 | ||
|---|---|---|---|
| 005 | 20141111133932.0 | ||
| 008 | 141111b xxu||||| |||| 00| 0 eng d | ||
| 020 | _a9789814524773 | ||
| 050 |
_aHG 173 _b.B771 2011 |
||
| 100 | _aBrigham, Eugene. | ||
| 245 |
_aCore concepts of financial management / _cEugene Bringham and Joel Houston. |
||
| 260 |
_aSingapore : _bCengage Learning, _cc2011. |
||
| 300 |
_axviii, 613 pages : _bcolored illustrations ; _c26 cm. |
||
| 521 | _aBusiness Administration | ||
| 650 | _aFinance. | ||
| 942 |
_2lcc _cBK _kFOR |
||
| 999 |
_c276781 _d276781 |
||